| 000 | 00709nam a2200229Ia 4500 | ||
|---|---|---|---|
| 003 | GCL | ||
| 008 | 140319s9999 xx 000 0 ara d | ||
| 040 |
_aGCL / _cGCL |
||
| 082 | 0 | 4 |
_a961 _bن ا |
| 100 | 1 | _aنقولا زيادة | |
| 245 | 1 | 0 |
_aافريقيات / _cنقولا زيادة |
| 260 |
_a[S.N] : _bرياض الريس للكتب والنشر ، _c1991 |
||
| 300 | _a404 ص | ||
| 490 | _a | ||
| 650 | 0 | 4 | _aتاريخ |
| 650 | 0 | 4 | _aالحضارة العربية الاسلامية - المعارف البحرية |
| 650 | 0 | 4 | _aالسودان |
| 650 | 0 | 4 | _aالرحالة العرب |
| 650 | 0 | 4 | _aالحضارة الاسلامية |
| 650 | 0 | 4 | _aالمغرب العربى |
| 942 |
_2ddc _cBK |
||
| 999 |
_c55485 _d55485 |
||